| 000 | 00853nam a2200193 a 4500 | ||
|---|---|---|---|
| 008 | 061109s2004 ||||||||||||||||| || u | ||
| 050 | _aCBU.STA(01)SIM | ||
| 100 | _aAyindo, Babu | ||
| 245 | 1 | 0 |
_aEnhancing civil-military relations in Zambia for sustainable development _cby Mumbaala Simposya and Babu Ayindo |
| 260 |
_aKitwe _c2004 |
||
| 300 | _a20p.;ill. | ||
| 350 | _a0.00 | ||
| 500 | _apaper presented at the civil-military relations workshop held at Mukuba hotel, Ndola, Zambia, from 19th to 23rd April, 2004 | ||
| 650 | _aCIVIL-MILITARY RELATIONS -- ZAMBIA | ||
| 650 | 0 | _aAFRICA--ECONOMIC CONDITIONS | |
| 650 | _aSUSTAINABLE DEVELOPMENT--ZAMBIA | ||
| 700 | _aSimposya, Mumbaala | ||
| 995 |
_D0.00 _FCBU-MAIN LIBRARY (Kitwe) _H1 _I0.00 _UAVAILABLE _WNov 9, 2006 _ZZambiana Collection |
||
| 999 |
_c42057 _d42057 |
||